| 000 | 00553 a2200193 i 4500 | ||
|---|---|---|---|
| 001 | 1922 | ||
| 003 | MePoLT | ||
| 005 | 20260408220404.0 | ||
| 008 | 260408b |||||||| |||| 00| 0 eng d | ||
| 020 | _a2021162222 | ||
| 040 |
_aMePoLT _cMePoLT _erda |
||
| 090 | 4 | _aDG311 .R63 | |
| 092 | 4 | _a945.632 | |
| 100 | 1 | _aRoberto, Umberto. | |
| 245 | 1 | 0 | _aRome face aux Barbares. Une histoire des sacs de la Ville. |
| 264 | 1 |
_bLe Seuil, _c2015. |
|
| 520 | _aRome face aux Barbares. Une histoire des sacs de la Ville by Umberto Roberto (2015) | ||
| 942 |
_2ddc _cBOOK |
||
| 999 |
_c1922 _d1922 |
||